Levante UD Squad 2018-2019 - Statistics

General Stats
  • This quiz has been taken 15 times
  • The average score is 18 of 28
Answer Stats
# Position Nation Player % Correct
25 GK Spain Aitor Fernández
88%
10 MF North Macedonia Enis Bardhi
88%
11 FW Spain José Luis Morales
88%
14 DF Portugal Rúben Vezo
88%
5 MF Ivory Coast Cheick Doukouré
75%
17 MF Montenegro Nikola Vukčević
75%
- Coach Spain Paco López
75%
19 DF Spain Pedro López
75%
4 DF Spain Róber Pier
75%
9 FW Spain Roger Martí
75%
16 MF Spain Rubén Rochina
75%
15 DF Spain Sergio Postigo
75%
3 DF Spain Toño García
75%
6 DF Spain Chema Rodríguez
63%
12 DF Spain Coke
63%
21 FW Ghana Emmanuel Boateng
63%
18 DF Uruguay Erick Cabaco
63%
23 FW Spain Jason Remeseiro
63%
24 MF Spain José Campaña
63%
7 FW Nigeria Moses Simon
63%
30 FW Albania Armando Sadiku
50%
13 GK Spain Oier Olazábal
50%
20 FW Ghana Raphael Dwamena
50%
1 GK Spain Koke Vegas
38%
14 FW Spain Samu García
38%
8 MF Bosnia and Herzegovina Sanjin Prcić
38%
22 DF Spain Antonio Luna
25%
2 FW Spain Borja Mayoral
25%
No matching quizzes found
Score Distribution
Percent of People with Each Score
Percentile by Number Answered
Your Score History
You have not taken this quiz